Statistics for Соотношение больших и малых армянских букв

Click here to take the quiz!

General Stats

  • This quiz has been taken 99 times
  • The average score is 13 of 39

Answer Stats

HintAnswer% Correct
Օօ
47%
Լլ
47%
Ոո
45%
Ֆֆ
42%
Բբ
42%
Գգ
39%
Սս
39%
Եե
38%
Րր
38%
Իի
38%
Ծծ
38%
Կկ
36%
Թթ
36%
Հհ
35%
Աա
35%
Խխ
35%
Ժժ
35%
Էէ
35%
Նն
33%
Վվ
32%
Ճճ
32%
Քք
32%
Ըը
32%
Ջջ
30%
Ղղ
29%
Պպ
29%
Ուու
27%
Դդ
26%
Փփ
26%
Ռռ
26%
Մմ
24%
Տտ
24%
Ձձ
23%
Շշ
23%
Ցց
21%
Չչ
21%
Յյ
21%
ԵՒև
20%
Զզ
18%

Score Distribution

Percentile by Number Answered

Percent of People with Each Score

Your Score History

You have not taken this quiz